000 00514nam a2200169 i 4500
001 59201
003 ES-MaACL
005 20230906164003.0
007 t|
008 031028s1918 xxk ||||1| eng d
100 1 _aEllwood, G. M.
_947064
245 1 0 _aStudies of the human figure with some notes on drawing and anatomy /
_cby G.M. Ellwood and F.R. Yerbury.
260 _aLondon :
_bB.T. Batsford,
_c1918.
300 _a28 p., 77 grab. ;
_c25 cm.
700 1 _aYerbury, F. R.
_9117620
852 _aES-MaACL
_jF-1023
999 _c59201
_d59201